Normal view
MARC view
Entry Uniform Title
001 - CONTROL NUMBER
- control field: 26717
003 - CONTROL NUMBER IDENTIFIER
- control field: dpl
005 - DATE AND TIME OF LATEST TRANSACTION
- control field: 20110322101105.0
008 - FIXED-LENGTH DATA ELEMENTS
- fixed length control field: 110322|||a|||||| | ||| d
040 ## - CATALOGING SOURCE
- Original cataloging agency: dpl
- Transcribing agency: dpl
130 ## - HEADING--UNIFORM TITLE
- Uniform title: लोकोपयोगी विज्ञान
670 ## - SOURCE DATA FOUND
- Source citation: Work cat.: (dpl)51199: 26640 शर्मा, विनोद, कुत्ते और बिल्ली की देखभाल /, 2010
670 ## - SOURCE DATA FOUND
- Source citation: Work cat.: (dpl)51199: 26640 शर्मा, विनोद, कुत्ते और बिल्ली की देखभाल /, 2010
